00983nam a2200229 a 4500001001000000003000500010005001700015008004100032010001100073011001100084040000900095100003000104245025400134260004100388500006000429502008600489650002100575650002700596650003200623650002800655856007000683000114518CHAP20220329144444.0180209s2017 mx a fsm |||||||spa d a110979 a111951 cCHAP1 aCruz López, Arely Elvia10aCaracterización de películas biodegradables elaboradas a base de mucílago de diferentes vaiedades de nopal (Opuntia ficus-indica) para ser usadas como recubrimientos en productos hortofrutícolas /h[En línea]cpor Arely Elvia Cruz López. aChapingo, Méx. :bEl autor,c2017. aPara ver el contenido del material haga clic en la liga aTesis (Ing. Agroindustrial ) -- UACH. Departamento de Ingeniería Agroindustrial14aFilm comestible.14aFrutaxConservación.14aHortalizasxConservación.14aNopalxAprovechamiento. aFinding aiduhttp://10.13.5.2/tesis/sist114518.pdfzTeclea aquí